Le nouveau-né (notice n° 2140354)

détails MARC
000 -LEADER
fixed length control field 01677cam a2200133 4500500
005 - DATE AND TIME OF LATEST TRANSACTION
control field 20260405024648.0
041 ## - LANGUAGE CODE
Language code of text/sound track or separate title fre
042 ## - AUTHENTICATION CODE
Authentication code dc
100 10 - MAIN ENTRY--PERSONAL NAME
Personal name Lequien, Pierre
Relator term author
245 00 - TITLE STATEMENT
Title Le nouveau-né
260 ## - PUBLICATION, DISTRIBUTION, ETC.
Name of publisher, distributor, etc. Armand Colin,<br/>
Date of publication, distribution, etc. 2005.<br/>
520 ## - SUMMARY, ETC.
Summary, etc. La condition de nouveau-né a bien évolué. Les moyens alloués à la médecine périnatale, à la prévention notamment, et un savoir notablement accru concernant la période fœtale, l'adaptation à la vie extra-utérine et la physiologie néonatale ont considérablement minimisé les risques. Au-delà, la collaboration entre professionnels de la naissance, neuropsychologues du développement, psychologues et psychiatres contribue à offrir au nouveau-né un accueil emprunt d'humanité. Il y a cependant un revers de la médaille : dictature de l'aspiration à l'enfant « parfait » d'une part, difficulté à poser des limites raisonnables au « techniquement possible » de l'autre. Véritable condensé issu d'une expérience clinique exemplaire, ce petit livre répond aux questions de tous ceux pour qui le nouveau-né est une préoccupation professionnelle ou personnelle. Pierre LEQUIEN est professeur de pédiatrie à l'université de Lille II. Avant le nouveau-né : le fœtus. L'adaptation à la vie extra-utérine. Naître. L'examen du nouveau-né. La croissance fœtale. L'évolution neurocomportementale. Le nouveau-né : un être vulnérable. Nourrir le nouveau-né. Le souci de prévention. Les soins au nouveau-né : la puériculture. Le nouveau-né au cœur des politiques.
856 41 - ELECTRONIC LOCATION AND ACCESS
Uniform Resource Identifier <a href="https://shs.cairn.info/le-nouveau-ne--9782200340414?lang=fr&redirect-ssocas=7080">https://shs.cairn.info/le-nouveau-ne--9782200340414?lang=fr&redirect-ssocas=7080</a>

Pas d'exemplaire disponible.

PLUDOC

PLUDOC est la plateforme unique et centralisée de gestion des bibliothèques physiques et numériques de Guinée administré par le CEDUST. Elle est la plus grande base de données de ressources documentaires pour les Étudiants, Enseignants chercheurs et Chercheurs de Guinée.

Adresse

627 919 101/664 919 101

25 boulevard du commerce
Kaloum, Conakry, Guinée

Réseaux sociaux

Powered by Netsen Group @ 2025